000 02638cam a2200409Ia 4500
999 _c2811
_d2811
001 10174499
003 OSt
005 20180117085950.0
008 120425s2012 enka b 000 0 eng d
020 _a9781849042215 (pbk.)
020 _a1849042217 (pbk.)
035 _a(OCoLC)ocn802475747
035 _a(OCoLC)802475747
035 _a(NNC)10174499
040 _aCaONFJC
_cSTF
_dOCLCO
_dCOD
_dUKSMC
_dYDXCP
_dYNK
050 4 _aBP161.3
_b.I29 2012
082 _a297 CRI
245 0 4 _aCritical Muslims: The idea of Islam /
_c[editors Ziauddin Sardar and Robin Yassin-Kassab].
250 _bVol. 2
260 _aLondon :
_bC Hurst & Co,
_cc2012.
300 _a277 p. :
_bill. ;
_c22 cm.
490 1 _aCritical Muslim,
_x2048-8475 ;
_v2
500 _aStatement of responsibility from t.p. verso.
500 _aPublished on behalf of and in conjunction with the Muslim Institute, London.
500 _a"April-June 2012"--Cover.
504 _aIncludes bibliographical references (p. 261-270).
520 _aZiauddin Sardar argues why Islamic reform is necessary , Bruce Lawrence sees Muslim cosmopolitanism as the future, Parvez Mansoor declares jihad on the idea of "the political", Samia Rahman gets to the root of Muslim misogyny, Michael Muhammad Knight explains his taqwacore beliefs, Soha al-Jurf has problems with orthodoxy, Carool Kersten suggets that critical thinkers and reformers are often seen as heretics, and Ben Gidley on what keeps Muslims and Jews apart and what can bring them together. Also in this issue: Stuart Sim takes a sledgehammer to the "profit motive", Andy Simons argues that Jazz is just as Muslim as it is American, Robin Yassin-Kassab meets the new crop if Iraqi writers in Erbil, Said Adrus visits a Muslim cemetery in Woking, Ehsan Masood confesses he spent his youth reading the extremist writer Maryam Jameelah, Iftikhar Malik dismisses pessimism about Pakistan, Hasan Mahamdalie explores what it means to be an American, Jerry Revetz discovers the Arabic Maimonides, Vinay Lal asseses the legacy of Edward Said, and Merryl Wyn Davies takes a train to 9/11. Plus a brilliant new story from Aamer Hussein and four poems by the celebrated Mimi Khalvati.
650 0 _aIslam.
_9174
700 1 _aSardar, Ziauddin.
_93869
700 1 _aYassin-Kassab, Robin.
_93870
710 2 _aMuslim Institute for Research and Planning.
_93871
830 0 _aCritical Muslim ;
_v2.
_93872
942 _2ddc
_cBK
948 1 _a20130228
_bc
_chew2
_dMPS